| 000 | 00395pab a2200157 454500 | ||
|---|---|---|---|
| 008 | 180718b2007 xxu||||| |||| 00| 0 eng d | ||
| 100 | _aSubramanian, Dilip | ||
| 245 | _aA sociological profile of a public sector workforce | ||
| 260 | _c2007 | ||
| 300 | _ap.36-47. | ||
| 362 | _a22 Dec | ||
| 650 | _aPublic sector | ||
| 773 | _aEconomic and Political Weekly | ||
| 908 | _aN | ||
| 909 | _a76739 | ||
| 999 |
_c76739 _d76739 |
||